Об одном из подходов к оптимизации высоконагруженных систем на примере системы диспетчерского управления таксомоторным парком; Науковедение; № 2 (15)

Bibliographische Detailangaben
Parent link:Науковедение: интернет-журнал/ Институт государственного управления, права и инновационных технологий (ИГУПИТ).— , 2009-
№ 2 (15).— 2013.— [7 с.]
1. Verfasser: Игумнов А. О. Артем Олегович
Körperschaft: Национальный исследовательский Томский политехнический университет (ТПУ) Институт кибернетики (ИК) Кафедра информатики и проектирования систем (ИПС)
Weitere Verfasser: Сонькин Д. М. Дмитрий Михайлович
Zusammenfassung:Заглавие с экрана
Предметом этой статьи является проблема высокой нагрузки базы данных в условиях ограниченных аппаратных ресурсов. Приводится анализ структуры дата базы с точки зрения общих характеристик сущностей, и способ решения проблемы кэшированием определённых данных. Механизм кэширования позволяет существенно снизить нагрузку базы данных, и тем самым сделать систему более выгодной в сравнении с аппаратными решениями увеличения производительности.
This article describes the problem of accessing database in state of limited hardware resources. It provides the analytics of the structure of database and the way to reduce the workload by caching certain data. The cache mechanism reduces the workload that makes the whole system that uses it cheaper on hardware. An example of practical use in existing active system of dispatching taxi park is described.
Режим доступа: по договору с организацией-держателем ресурса
Sprache:Russisch
Veröffentlicht: 2013
Schriftenreihe:Технические науки
Schlagworte:
Online-Zugang:http://elibrary.ru/item.asp?id=19425771
http://naukovedenie.ru/PDF/30tvn213.pdf
Format: MixedMaterials Elektronisch Buchkapitel
KOHA link:https://koha.lib.tpu.ru/cgi-bin/koha/opac-detail.pl?biblionumber=645479

MARC

LEADER 00000nla0a2200000 4500
001 645479
005 20250324164230.0
035 |a (RuTPU)RU\TPU\network\10563 
090 |a 645479 
100 |a 20151221d2013 k||y0rusy50 ca 
101 0 |a rus 
102 |a RU 
135 |a drcn ---uucaa 
181 0 |a i  
182 0 |a b 
200 1 |a Об одном из подходов к оптимизации высоконагруженных систем на примере системы диспетчерского управления таксомоторным парком  |d One approaches to optimize highload systems on example of dispatching taxi system  |f А. О. Игумнов, Д. М. Сонькин 
203 |a Текст  |c электронный 
225 1 |a Технические науки 
300 |a Заглавие с экрана 
320 |a [Библиогр.: 4 назв.] 
330 |a Предметом этой статьи является проблема высокой нагрузки базы данных в условиях ограниченных аппаратных ресурсов. Приводится анализ структуры дата базы с точки зрения общих характеристик сущностей, и способ решения проблемы кэшированием определённых данных. Механизм кэширования позволяет существенно снизить нагрузку базы данных, и тем самым сделать систему более выгодной в сравнении с аппаратными решениями увеличения производительности. 
330 |a This article describes the problem of accessing database in state of limited hardware resources. It provides the analytics of the structure of database and the way to reduce the workload by caching certain data. The cache mechanism reduces the workload that makes the whole system that uses it cheaper on hardware. An example of practical use in existing active system of dispatching taxi park is described. 
333 |a Режим доступа: по договору с организацией-держателем ресурса 
461 |t Науковедение  |o интернет-журнал  |f Институт государственного управления, права и инновационных технологий (ИГУПИТ)  |d 2009- 
463 |t № 2 (15)  |v [7 с.]  |d 2013 
510 1 |a One approaches to optimize highload systems on example of dispatching taxi system  |z eng 
610 1 |a электронный ресурс 
610 1 |a труды учёных ТПУ 
610 1 |a кэширование 
610 1 |a ORM 
700 1 |a Игумнов  |b А. О.  |c специалист в области информатики и проектирования систем  |c лаборант Томского политехнического университета  |f 1988-  |g Артем Олегович  |3 (RuTPU)RU\TPU\pers\37019 
701 1 |a Сонькин  |b Д. М.  |c специалист в области информатики и вычислительной техники  |c доцент Томского политехнического университета, кандидат технических наук  |f 1986-  |g Дмитрий Михайлович  |3 (RuTPU)RU\TPU\pers\25949 
712 0 2 |a Национальный исследовательский Томский политехнический университет (ТПУ)  |b Институт кибернетики (ИК)  |b Кафедра информатики и проектирования систем (ИПС)  |3 (RuTPU)RU\TPU\col\18697 
801 2 |a RU  |b 63413507  |c 20160727  |g RCR 
856 4 |u http://elibrary.ru/item.asp?id=19425771 
856 4 |u http://naukovedenie.ru/PDF/30tvn213.pdf 
942 |c CF